000 00440nam a2200181Ia 4500
001 14173
005 20260306164855.0
008 260306t1998||||xx |||||||||||||| ||spa||
041 _aESP
082 _a510
_bG95
100 _aGutierrez Mercedes, Virgilio
_eAUT
245 0 _aDiversiones numéricas texto impreso
260 _c1998
300 _a160 páginas :
_c20 cm.
650 _aGEN
654 _aCMA
942 _cLIB
_dJUS
_fJUS
_2ddc
_n
999 _c14173
_d14173